| 000 | 01412nam a2200325 a 4500 | ||
|---|---|---|---|
| 001 | 000020101 | ||
| 003 | DO-SdBNP | ||
| 005 | 20240305120454.0 | ||
| 007 | ta | ||
| 008 | 100721s2003 dr c 000 0 spa d | ||
| 020 | _a9993491306 | ||
| 040 |
_aDO-SdBNP _bspa _cBNPHU |
||
| 082 | 4 |
_a759.97293 _bS237m _222 |
|
| 100 | 1 |
_aSantos, Danilo de los, _d1943-2018 _910278 |
|
| 245 | 1 | 0 |
_aMemoria de la pintura dominicana / _cDanilo de los Santos. |
| 260 |
_aSanto Domingo : _bGrupo León Jimenes, _c2003. |
||
| 300 |
_a8 v. : _bil. ; _c32 cm. |
||
| 490 | 1 | _aCentenario Grupo León Jiménes | |
| 500 | _aIncluye índice onomástico | ||
| 500 | _aIncluye notas al pie de las páginas | ||
| 504 | _aBibliografía : p. 472-479 | ||
| 505 | 0 |
_gv. 1 _tRaíces e impulso nacional 200 a.c.- 1924 -- _gv. 2 _tImpulso y desarrollo moderno 1920-1950 -- _gv. 3 _tConvergenci de generaciones 1940-1950 -- _gv. 4 _tLenguajes y tendencias 1950-1960 -- _gv. 5 _tMilitancias y mecenazgo 1960-1970 -- _gv. 6 _tContinuidad y renovación 1970-1980 -- _gv. 7 _tGeneraciones y lenguajes 1970-1980 -- _gv. 8 _tContinuidad de los lenguajes 1980-1990 -- |
|
| 590 | _aInventariado, 2018/LP | ||
| 650 | 4 |
_aPintura dominicana _xHistoria _942690 |
|
| 650 | 4 |
_aPintores dominicanos _911660 |
|
| 650 | 4 |
_aArte dominicano _937843 |
|
| 830 | 0 |
_aCentenario Grupo León Jiménes _918855 |
|
| 910 | _aValidado. Control de calidad MMOLINA | ||
| 942 |
_2ddc _cLBS1 |
||
| 999 |
_c19609 _d19609 |
||